000 00481nam a2200181Ia 4500
005 20250317125906.0
008 008 250317s9999 xx 000 0 eng d
037 _aTextbook
040 _aFMSL
_beng
_cFMSL
041 _aeng
_2eng
084 _qFMSL
100 _aLawrence PR
_9744869
245 0 _aOrganizational Behavior and administration
260 _aRichard
_bRichard, D IRWIN
_c1961
300 _a935p
942 _cTB
999 _c1261399
_d1261399